Bird /
Guardado en:
| Hovedforfatter: | |
|---|---|
| Andre forfattere: | , , , , , , , |
| Format: | |
| Sprog: | engelsk |
| Udgivet: |
Inglaterra :
BBC Film : British Film Institute : Pinky Promise,
2024, c2024
|
| Fag: | |
| Tags: |
Ingen Tags, Vær først til at tagge denne postø!
|
MARC
| LEADER | 00000ngm^a2200000^a^4500 | ||
|---|---|---|---|
| 001 | 000624299 | ||
| 005 | 20251112000000.0 | ||
| 009 | 20260310133953.811 | ||
| 037 | |a Acervo ITESO - Biblioteca | ||
| 041 | |a ING | ||
| 082 | |a 820. |b ARN | ||
| 100 | |a Arnold, Andrea |e (realización) | ||
| 240 | 1 | 1 | |a [Bird: emprender el vuelo] |
| 245 | 1 | 0 | |a Bird / |c Realización de A. Arnold. |
| 246 | 2 | |a Título en México: Bird: emprender el vuelo | |
| 264 | 4 | |a Inglaterra : |b BBC Film : |b British Film Institute : |b Pinky Promise, |c 2024, c2024 | |
| 264 | 2 | |a Inglaterra : |b MUBI [distribución], |c 2025, c2025 | |
| 300 | |a 1 DVD región 2 PAL (114 min.) : |b color | ||
| 336 | |a imagen móvil bidimensional |b tdi |2 rdacontenido | ||
| 337 | |a video |b v |2 rdamedio | ||
| 338 | |a videodisco |b vd |2 rdasoporte | ||
| 546 | |a En inglés, con subtítulos opcionales: inglés | ||
| 546 | |a Audiodescripción en inglés, para ciegos y débiles visuales | ||
| 649 | |a XX | ||
| 650 | |a Niños en el Cine | ||
| 650 | |a Mujeres en el Cine | ||
| 650 | |a Padres Solteros en el Cine | ||
| 650 | |a Dramas Cinematográficos | ||
| 650 | |a Cine Social y Político | ||
| 650 | |a Cine Independiente - |z Inglaterra | ||
| 650 | |a Cine Gay y Lésbico - |z Inglaterra | ||
| 650 | |a Cine Inglés - |y 2020-2029 | ||
| 650 | |a Cine Inglés - |y Siglo XXI | ||
| 650 | |a Deserción y Abandono | ||
| 650 | |a Relaciones Padres-Hijos | ||
| 650 | |a Desarrollo Emocional | ||
| 700 | |a Arnold, Andrea |e (guión) | ||
| 700 | |a Ryan, Robbie |e (fotógrafo) | ||
| 700 | |a Bovaird, Alex |e (vestuario) | ||
| 700 | |a Bini, Joe |e (montaje) | ||
| 700 | |a Burial |e (música) | ||
| 700 | |a Adams, Nykiya |e (actuación) | ||
| 700 | |a Rogowski, Franz |e (actuación) | ||
| 700 | |a Keoghan, Barry |e (actuación) | ||
| 910 | |a Fondo General | ||
| 920 | |a Audiovisuales - DVDs | ||
| 940 | |a Películas | ||
| 905 | |a 308 | ||
| 901 | |a 624316-10 |b IT2 |c DVR |i C190942 |u 20251112 | ||
| 902 | |a https://opac.biblio.iteso.mx/vufind/Record/000624299 | ||